| 000 | 00703cam0a220022900 4500 | ||
|---|---|---|---|
| 001 | qce01232449 | ||
| 005 | 20190815093449.0 | ||
| 008 | 761213s1954 ilu 001 0 eng | ||
| 010 | _a 54001111 /L | ||
| 035 | _a(Sirsi) r118855 | ||
| 035 | _a(QCAT)lss01440284 | ||
| 035 | _a(UPRA)qce01232449 | ||
| 040 | _dUPRA | ||
| 050 | 0 |
_aHE5620.A3 _bW5 |
|
| 082 | _a614.862 | ||
| 100 | 1 |
_aWilliams, Charles Augustus, 1904- _dWilliams, Charles Augustus, 1904- _6A84139.1 |
|
| 245 | 1 | 0 |
_aTraffic accidents / _c[by] Charles A. Williams. |
| 260 |
_aSpringfield, IL : _bThomas, _c[c1954] |
||
| 650 | 0 |
_aTraffic accidents. _6S34009.1 |
|
| 949 |
_aHE5620.A3 _wlcc _i-171104 _mMAIN _tBOOK _lON-SHELF |
||
| 004 | 118855 | ||
| 999 |
_c58172 _d58172 |
||